| 000 | 00000nam 2200000zi 4500 |
| 001 | 9.888057 |
| 003 | CaOODSP |
| 005 | 20221107171857 |
| 006 | m o d f |
| 007 | cr |n||||||||| |
| 008 | 200605s2020 qucab o f000 0 eng d |
| 020 | |a9780660351506 |
| 040 | |aCaOODSP|beng|erda|cCaOODSP |
| 043 | |an-cn-bc |
| 086 | 1 |aR64-563/2020E-PDF |
| 245 | 00|aHiking & camping - Mount Revelstoke National Park. |
| 264 | 1|a[Gatineau, Québec] : |bParks Canada = Parcs Canada, |c[2020] |
| 300 | |a1 online resource (2 unnumbered pages) : |bcolour maps, colour illustrations |
| 336 | |atext|btxt|2rdacontent |
| 337 | |acomputer|bc|2rdamedia |
| 338 | |aonline resource|bcr|2rdacarrier |
| 500 | |aIssued also in French under title: Randonnée et camping - Parc national du Mont-Revelstoke. |
| 651 | 0|aMount Revelstoke National Park (B.C.)|vGuidebooks. |
| 655 | 7|aGuidebooks|2lcgft |
| 710 | 2 |aParks Canada, |eissuing body. |
| 775 | 08|tRandonnée et camping - Parc national du Mont-Revelstoke.|w(CaOODSP)9.888064 |
| 776 | 0#|tHiking and camping - Mount Revelstoke National Park.|w(CaOODSP)9.888059 |
| 794 | |tHiking & camping - Mount Revelstoke National Park.|b2021|w(CaOODSP)9.900313 |
| 856 | 40|qPDF|s4.29 MB|uhttps://publications.gc.ca/collections/collection_2020/pc/R64-563-2020-eng.pdf |